[Event "DSOL 2021"]
[Site "Germany"]
[Date "2021.03.15"]
[Round "6.3"]
[White "Friedel, Marcus"]
[Black "Meyling, Lennart"]
[Result "1/2-1/2"]
[WhiteElo "2124"]
[BlackElo "2044"]
[Annotator "TA"]
[PlyCount "89"]
[EventDate "2021.01.18"]
[EventType "team-tourn"]
[EventCountry "GER"]
[SourceTitle "playchess.com"]
[Source "ChessBase"]
[SourceQuality "1"]

1. c4 Nf6 2. g3 g6 3. Bg2 Bg7 4. Nc3 O-O 5. d3 c6 6. e4 e5 7. Nge2 Na6 8. O-O Nc7 9. f4 exf4 10. Nxf4 d6 11. Rb1 Ne6 12. Be3 Nxf4 13. Bxf4 Qb6+ 14. Kh1 Ng4 15. Qd2 Bd4 16. Bxd6 Rd8 17. c5 Bxc5 18. Na4 Qb5 19. Bxc5 Qxa4 20. Qf4 f5 21. h3 Qb5 22. b4 b6 23. hxg4 bxc5 24. gxf5 cxb4 25. fxg6 Qh5+ 26. Kg1 Qxg6 27. Rxb4 Ba6 28. Rf3 Bxd3 29. Rb7 Bxe4 30. Qf7+ Qxf7 31. Rfxf7 Rd1+ 32. Kf2 Bg6 33. Rg7+ Kf8 34. Bxc6 Rc8 35. Ba4 Rd2+ 36. Ke3 Rxa2 37. Rg8+ Kxg8 38. Bb3+ Kf8 39. Bxa2 Rc3+ 40. Kf4 Ra3 41. Bd5 a5 42. g4 a4 43. Ra7 Rd3 44. Ke5 a3 45. Be6 1/2-1/2

[Event "DSOL 2021"]
[Site "Germany"]
[Date "2021.03.19"]
[Round "6.3"]
[White "Haas, Frank-Martin"]
[Black "Schimnatkowski, Lukas"]
[Result "0-1"]
[WhiteElo "2118"]
[BlackElo "2173"]
[Annotator "NA"]
[PlyCount "118"]
[EventDate "2021.01.18"]
[EventType "team-tourn"]
[EventCountry "GER"]
[SourceTitle "playchess.com"]
[Source "ChessBase"]
[SourceQuality "1"]
[WhiteTeam "SV Walldorf I"]
[BlackTeam "SF Essen-Katernberg I"]

1. e4 e5 2. Nf3 Nc6 3. Nc3 Nf6 4. Bb5 Nd4 5. Ba4 Bc5 6. Nxe5 O-O 7. Nd3 Bb6 8. e5 c6 9. O-O Ne8 10. Ne2 Qh4 11. Nxd4 Qxd4 12. Bb3 d5 13. Qe2 f6 14. Qe3 fxe5 15. Qxe5 Qh4 16. Qg3 Qh5 17. c3 Bg4 18. h3 Be2 19. Nf4 Rxf4 20. Qxf4 Bc7 21. Qe3 Bxf1 22. Kxf1 Nf6 23. g4 Qh4 24. d4 Re8 25. Qf3 h5 26. gxh5 Ne4 27. Be3 Rf8 28. Qg4 Rxf2+ 29. Ke1 Qf6 30. Qxe4 Rf1+ 31. Kd2 Rxa1 32. Qe8+ Qf8 33. Qe6+ Kh8 34. h6 gxh6 35. Bd1 Bf4 36. Kc2 Bxe3 37. Qxe3 Qf5+ 38. Kd2 Qg5 39. Qxg5 hxg5 40. a3 Kg7 41. Bg4 Rf1 42. Bc8 Rf2+ 43. Kc1 Rf7 44. a4 b6 45. b4 Rc7 46. Bg4 Kf6 47. Kd2 Ke7 48. Kd3 Kd6 49. Bf5 Rf7 50. Bg4 Rf1 51. Kc2 Rf2+ 52. Kb3 a5 53. bxa5 bxa5 54. Ka3 Rg2 55. Kb3 c5 56. dxc5+ Kxc5 57. Be6 Rg3 58. Kc2 Kc4 59. Kb2 Re3 0-1

[Event "DSOL 2021"]
[Site "Germany"]
[Date "2021.03.19"]
[Round "6.3"]
[White "Gallasch, Jonas"]
[Black "Bennemann, Ingmar"]
[Result "1/2-1/2"]
[WhiteElo "2112"]
[BlackElo "2085"]
[Annotator "NA"]
[PlyCount "87"]
[EventDate "2021.01.18"]
[EventType "team-tourn"]
[EventCountry "GER"]
[SourceTitle "playchess.com"]
[Source "ChessBase"]
[SourceQuality "1"]
[WhiteTeam "SG Porz I"]
[BlackTeam "SG Osnabrück"]

1. d4 Nf6 2. c4 g6 3. Nc3 d5 4. Bg5 Ne4 5. Bf4 Nxc3 6. bxc3 Bg7 7. e3 c5 8. Nf3 O-O 9. Be2 dxc4 10. Bxc4 Nc6 11. O-O Bf5 12. Re1 cxd4 13. exd4 Rc8 14. Rc1 Na5 15. Bd3 Bxd3 16. Qxd3 Nc4 17. Ne5 Nxe5 18. Bxe5 Bxe5 19. Rxe5 Qd6 20. Qe3 Rc7 21. c4 Rfc8 22. c5 b6 23. h3 Qf6 24. Re1 e6 25. cxb6 axb6 26. Rb5 Rc3 27. Qe5 Qxe5 28. dxe5 Rc1 29. Rxc1 Rxc1+ 30. Kh2 Rc2 31. a4 Ra2 32. Rb4 Ra3 33. f3 Kg7 34. Kg3 g5 35. h4 h6 36. Kg4 Ra2 37. g3 Kg6 38. h5+ Kg7 39. f4 gxf4 40. Kxf4 Ra3 41. g4 Kh7 42. g5 Rh3 43. Kg4 Re3 44. Kf4 1/2-1/2

[Event "DSOL 2021"]
[Site "Germany"]
[Date "2021.03.18"]
[Round "6.3"]
[White "Hinkmann, Jens"]
[Black "Fahland, Maximilian"]
[Result "1-0"]
[WhiteElo "2104"]
[BlackElo "1951"]
[Annotator "TA"]
[PlyCount "101"]
[EventDate "2021.01.18"]
[EventType "team-tourn"]
[EventCountry "GER"]
[SourceTitle "playchess.com"]
[Source "ChessBase"]
[SourceQuality "1"]

1. e4 c6 2. d4 d5 3. e5 Bf5 4. g4 Bg6 5. h4 h5 6. e6 Qd6 7. exf7+ Bxf7 8. g5 Nd7 9. f4 e6 10. Nf3 Ne7 11. Ne5 g6 12. Bd3 Bg7 13. b3 Qc7 14. Ba3 Bxe5 15. fxe5 c5 16. c3 O-O 17. Nd2 Be8 18. Nf3 a6 19. O-O Nf5 20. Qd2 Qa5 21. Bxc5 Nxc5 22. b4 Nb3 23. axb3 Qc7 24. Bxf5 Rxf5 25. Nh2 Rxf1+ 26. Rxf1 Bf7 27. Nf3 Rc8 28. Rc1 b5 29. Ne1 a5 30. bxa5 Qxa5 31. Nd3 Ra8 32. Nb4 Qa3 33. Rb1 Be8 34. Qf2 Bf7 35. Qc2 Qa5 36. Rf1 Qc7 37. Nd3 Qa5 38. Qf2 Qa7 39. Nc5 Qe7 40. Qc2 Rc8 41. b4 Ra8 42. Qb2 Qa7 43. Qf2 Qe7 44. Qe2 Qa7 45. Qxb5 Qa2 46. Qd3 Qb2 47. Qf3 Ra7 48. Nxe6 Bxe6 49. Qf8+ Kh7 50. Qh6+ Kg8 51. Rf8# 1-0

[Event "DSOL 2021"]
[Site "Germany"]
[Date "2021.03.15"]
[Round "6.3"]
[White "Lenz, Jonas"]
[Black "Ramirez Marin, Ivan"]
[Result "1/2-1/2"]
[WhiteElo "2092"]
[BlackElo "2227"]
[Annotator "TA"]
[PlyCount "133"]
[EventDate "2021.01.18"]
[EventType "team-tourn"]
[EventCountry "GER"]
[SourceTitle "playchess.com"]
[Source "ChessBase"]
[SourceQuality "1"]

1. d4 d5 2. c3 Nf6 3. Nf3 e6 4. Bg5 Be7 5. Nbd2 b6 6. Qa4+ c6 7. Bxf6 Bxf6 8. e4 O-O 9. Be2 c5 10. O-O Bb7 11. dxc5 bxc5 12. Rfd1 Qb6 13. exd5 exd5 14. Nb3 Bc6 15. Qa3 Nd7 16. Na5 Rfe8 17. Bf1 Rab8 18. Rac1 Ba8 19. Nc4 Qc7 20. Ne3 Nb6 21. Qa5 Re4 22. b3 g6 23. a4 Qe7 24. Re1 Nc8 25. b4 cxb4 26. Nxd5 Bxd5 27. Qxd5 Nd6 28. Bd3 Re6 29. cxb4 Rxb4 30. a5 Ne4 31. Bf1 Rb2 32. Nd4 Rd6 33. Qxe4 Qxe4 34. Rxe4 Bxd4 35. Re2 Rxe2 36. Bxe2 Rf6 37. Rf1 Rf5 38. a6 Ra5 39. g3 Ra2 40. Bc4 Rc2 41. Bd3 Rd2 42. Bc4 g5 43. h3 h5 44. Kg2 Kg7 45. g4 h4 46. Kf3 Rc2 47. Bd3 Rd2 48. Be2 Rb2 49. Rd1 Bb6 50. Rd5 f6 51. Rd7+ Kf8 52. Rd5 Ke7 53. Rb5 Ra2 54. Rb4 Kd6 55. Re4 Ra3+ 56. Kg2 Rc3 57. Rc4 Ra3 58. Re4 Kd5 59. Re8 Ra2 60. Kf3 Ra3+ 61. Kg2 Ra2 62. Kf3 Kd4 63. Re6 Ra3+ 64. Kg2 Ra2 65. Kf3 Ra3+ 66. Kg2 Ra2 67. Kf3 1/2-1/2

[Event "DSOL 2021"]
[Site "Germany"]
[Date "2021.03.17"]
[Round "6.3"]
[White "Malmberg, Mio"]
[Black "Aden, Meino"]
[Result "1-0"]
[WhiteElo "2075"]
[BlackElo "1898"]
[Annotator "RC"]
[PlyCount "125"]
[EventDate "2021.01.18"]
[EventType "team-tourn"]
[EventCountry "GER"]
[SourceTitle "playchess.com"]
[Source "ChessBase"]
[SourceQuality "1"]

1. d4 d5 2. c4 e6 3. Nc3 Nf6 4. cxd5 exd5 5. Bg5 Be7 6. Qc2 O-O 7. e3 h6 8. Bh4 c6 9. Bd3 Be6 10. Nge2 Nbd7 11. Nf4 Rc8 12. O-O c5 13. Nxe6 fxe6 14. Rad1 Nh5 15. Bg6 Bxh4 16. Bxh5 Qg5 17. Qg6 Qxg6 18. Bxg6 Bf6 19. Rfe1 a6 20. Bh5 b5 21. Bg4 Kf7 22. Nxd5 exd5 23. Bxd7 Rc7 24. Bg4 cxd4 25. exd4 Rc2 26. Be6+ Kg6 27. Bxd5 Rxb2 28. Be4+ Kf7 29. d5 Bd8 30. d6 Bb6 31. Bd5+ Kg6 32. Re6+ Rf6 33. Be4+ Kf7 34. Re7+ Kf8 35. Rb7 Ba5 36. Rb8+ Kf7 37. f3 Ke6 38. d7 Ke5 39. d8=Q Bxd8 40. Rbxd8 Rxa2 41. g3 Rb6 42. Re8+ Kf6 43. Bd5 Ra3 44. Rde1 a5 45. Rf8+ Kg6 46. Be4+ Kg5 47. h4+ Kh5 48. Rf5+ g5 49. hxg5 hxg5 50. Re2 Ra1+ 51. Kg2 b4 52. f4 Rg6 53. Kf3 Rf1+ 54. Ke3 Kg4 55. Rxa5 gxf4+ 56. gxf4 Re6 57. Rg5+ Kh3 58. Rg6 Re7 59. f5 b3 60. Kd4 Rd1+ 61. Kc3 b2 62. Kxb2 Rd4 63. Bg2+ 1-0

[Event "DSOL 2021"]
[Site "Germany"]
[Date "2021.03.18"]
[Round "6.3"]
[White "Waffenschmidt, Joachim"]
[Black "Schaefer, Sven"]
[Result "0-1"]
[WhiteElo "2071"]
[BlackElo "1987"]
[Annotator "TA"]
[PlyCount "44"]
[EventDate "2021.01.18"]
[EventType "team-tourn"]
[EventCountry "GER"]
[SourceTitle "playchess.com"]
[Source "ChessBase"]
[SourceQuality "1"]

1. d4 Nf6 2. c4 g6 3. Nc3 Bg7 4. e4 d6 5. Nf3 O-O 6. Be2 e5 7. Be3 Ng4 8. Bg5 f6 9. Bc1 Nc6 10. O-O f5 11. dxe5 Ngxe5 12. exf5 Bxf5 13. Be3 Kh8 14. Qd2 Be6 15. b3 Nxf3+ 16. Bxf3 Rxf3 17. gxf3 Ne5 18. Qe2 Qh4 19. Ne4 Rf8 20. Bg5 Qh3 21. Nd2 Nxf3+ 22. Nxf3 Bg4 0-1

[Event "DSOL 2021"]
[Site "Germany"]
[Date "2021.03.18"]
[Round "6.3"]
[White "Heerde, Thomas"]
[Black "Sabirov, Rafael"]
[Result "1-0"]
[WhiteElo "2055"]
[BlackElo "1635"]
[Annotator "TA"]
[PlyCount "63"]
[EventDate "2021.01.18"]
[EventType "team-tourn"]
[EventCountry "GER"]
[SourceTitle "playchess.com"]
[Source "ChessBase"]
[SourceQuality "1"]

1. Nf3 Nf6 2. g3 g6 3. Bg2 Bg7 4. O-O O-O 5. d3 d5 6. Nbd2 Re8 7. e4 e5 8. Re1 Bg4 9. h3 Bxf3 10. Qxf3 c6 11. b3 Nbd7 12. Bb2 Qa5 13. Qe2 Rad8 14. a3 b5 15. h4 h5 16. Bh3 Qb6 17. b4 a5 18. bxa5 Qxa5 19. Nb3 Qb6 20. a4 bxa4 21. Rxa4 dxe4 22. dxe4 Nc5 23. Nxc5 Qxb2 24. Nb3 Rd6 25. Qc4 Red8 26. Raa1 Rd2 27. Nxd2 Rxd2 28. Ra7 Nd5 29. Qxc6 Qd4 30. Qe8+ Kh7 31. Qxf7 Nf4 32. Qxg7# 1-0

[Event "DSOL 2021"]
[Site "Germany"]
[Date "2021.03.19"]
[Round "6.3"]
[White "Faldum, Manfred"]
[Black "van Son, Lutz"]
[Result "0-1"]
[WhiteElo "2052"]
[BlackElo "2146"]
[Annotator "ChessBase"]
[PlyCount "176"]
[EventDate "2021.01.18"]
[EventType "team-tourn"]
[EventCountry "GER"]
[SourceTitle "playchess.com"]
[Source "ChessBase"]
[SourceQuality "1"]
[WhiteTeam "SF Heidesheim I"]
[BlackTeam "Hamelner SV I"]

1. Nf3 d5 2. g3 c6 3. Bg2 Bg4 4. O-O Nd7 5. d3 Ngf6 6. Nbd2 e5 7. h3 Bh5 8. e4 dxe4 9. Nxe4 Nxe4 10. dxe4 Be7 11. Qe2 O-O 12. Rd1 Qc7 13. b3 Rad8 14. Bb2 f6 15. Rd2 Nc5 16. Rad1 Ne6 17. Rxd8 Rxd8 18. Rd3 Bc5 19. Qd2 Qb6 20. Rxd8+ Qxd8 21. Qxd8+ Nxd8 22. Ne1 Ne6 23. Nd3 Bb6 24. Kf1 Nd4 25. g4 Bg6 26. c3 Ne6 27. Ke2 Kf7 28. Bc1 Ke7 29. Be3 Bxe3 30. Kxe3 Kd6 31. Bf1 b6 32. h4 c5 33. h5 Be8 34. f4 Bb5 35. f5 Ng5 36. a4 Bc6 37. Bg2 c4 38. bxc4 Bxa4 39. Nb4 h6 40. Kd2 Bb3 41. c5+ Kxc5 42. Na6+ Kd6 43. Nb4 a5 44. Nd3 Bc4 45. Nb2 Ba6 46. c4 Kc5 47. Kc3 Nf7 48. Bf1 Nd6 49. Na4+ Kc6 50. Bd3 Bxc4 51. Nb2 Bxd3 52. Kxd3 b5 53. Nd1 Nc4 54. Nc3 Nb6 55. g5 fxg5 56. Nd1 b4 57. Ne3 a4 58. Ng4 Kd6 59. f6 gxf6 60. Nxh6 a3 61. Kc2 Nc4 62. Nf5+ Kc5 63. Kb3 Nd2+ 64. Ka2 Nxe4 65. h6 Kc4 66. Ne3+ Kd3 67. h7 Kxe3 68. h8=Q g4 69. Qh1 g3 70. Qg1+ Kf3 71. Kb3 Nf2 72. Kxb4 a2 73. Kc3 e4 74. Qe1 f5 75. Kd2 f4 76. Qa1 g2 77. Qg1 e3+ 78. Kc2 Nh3 79. Qd1+ Kf2 80. Kd3 g1=Q 81. Qe2+ Kg3 82. Qxa2 Nf2+ 83. Kd4 Qd1+ 84. Ke5 Qh5+ 85. Kd4 Qh8+ 86. Kc5 Nd3+ 87. Kd6 Qd8+ 88. Kc6 Nb4+ 0-1

[Event "DSOL 2021"]
[Site "Germany"]
[Date "2021.03.17"]
[Round "6.3"]
[White "Richter, Jan"]
[Black "Dawid, Adalbert"]
[Result "1-0"]
[WhiteElo "2048"]
[BlackElo "1661"]
[Annotator "TA"]
[PlyCount "61"]
[EventDate "2021.01.18"]
[EventType "team-tourn"]
[EventCountry "GER"]
[SourceTitle "playchess.com"]
[Source "ChessBase"]
[SourceQuality "1"]

1. Nf3 d5 2. g3 Nf6 3. Bg2 Bg4 4. c4 c6 5. O-O Nbd7 6. d4 e6 7. b3 Be7 8. Nc3 O-O 9. Bb2 a6 10. h3 Bh5 11. a3 b5 12. Ne5 Nxe5 13. dxe5 Nd7 14. cxb5 cxb5 15. f4 Qb6+ 16. Kh2 Bg6 17. g4 f5 18. Nxd5 Qd8 19. Nxe7+ Qxe7 20. Bxa8 Rxa8 21. Qd6 Qe8 22. Rad1 Nf8 23. Bc3 Qc8 24. Bb4 Qb7 25. Qd4 Be8 26. Bxf8 Kxf8 27. gxf5 exf5 28. Qd6+ Kf7 29. Qd5+ Qxd5 30. Rxd5 Ke7 31. Rc1 1-0

[Event "DSOL 2021"]
[Site "Germany"]
[Date "2021.03.15"]
[Round "6.3"]
[White "Kalthoff, Peter"]
[Black "Sell, Eero"]
[Result "0-1"]
[WhiteElo "2034"]
[BlackElo "1760"]
[Annotator "TA"]
[PlyCount "110"]
[EventDate "2021.01.18"]
[EventType "team-tourn"]
[EventCountry "GER"]
[SourceTitle "playchess.com"]
[Source "ChessBase"]
[SourceQuality "1"]

1. d4 g6 2. Bg5 Bg7 3. Nc3 c5 4. d5 d6 5. e4 a6 6. a4 Nf6 7. Be2 Nbd7 8. f4 O-O 9. Nf3 Qb6 10. Rb1 Ng4 11. Qd2 c4 12. Bh4 Nc5 13. a5 Qa7 14. h3 Bxc3 15. Qxc3 Nxe4 16. Qxc4 Nef2 17. Rf1 Nxh3 18. gxh3 Ne3 19. Qb3 Nxf1 20. Bxf1 Qc5 21. Bf2 Qxa5+ 22. c3 Bf5 23. Bb6 Bc2 24. Bxa5 Bxb3 25. c4 Rfc8 26. Nd2 Bc2 27. Rc1 Bf5 28. Bb6 e6 29. Bg2 Re8 30. Kf2 e5 31. Bc7 exf4 32. Bxd6 Rac8 33. Bxf4 Bd3 34. Bf3 Bf5 35. h4 Red8 36. d6 Rd7 37. c5 Be6 38. Nc4 Rxc5 39. Be2 b5 40. b4 Rc6 41. Bf3 Rxc4 42. Rxc4 bxc4 43. Bc6 Rd8 44. Ke3 Bd7 45. Bg5 Re8+ 46. Kd4 Bxc6 47. Kxc4 Re5 48. Bf6 Rf5 49. Be7 Bb5+ 50. Kd4 f6 51. Kc3 Kf7 52. Kd4 Ke6 53. Bf8 Rd5+ 54. Ke4 Rxd6 55. Bxd6 Kxd6 0-1

[Event "DSOL 2021"]
[Site "Germany"]
[Date "2021.03.16"]
[Round "6.3"]
[White "Haase, Wolfgang"]
[Black "Brettschneider, Karl"]
[Result "0-1"]
[WhiteElo "2020"]
[BlackElo "1968"]
[Annotator "TA"]
[PlyCount "128"]
[EventDate "2021.01.18"]
[EventType "team-tourn"]
[EventCountry "GER"]
[SourceTitle "playchess.com"]
[Source "ChessBase"]
[SourceQuality "1"]

1. e4 c5 2. Nf3 Nc6 3. c3 d5 4. exd5 Qxd5 5. d4 e6 6. Be3 cxd4 7. cxd4 Nf6 8. Nc3 Bb4 9. Bd3 O-O 10. O-O Qd8 11. Qc2 Be7 12. a3 g6 13. h3 Nd5 14. Bh6 Re8 15. Ne4 Nf6 16. Rad1 Nxe4 17. Bxe4 Qb6 18. Be3 Qc7 19. Ne5 Bd7 20. Nxd7 Qxd7 21. d5 exd5 22. Bxd5 Qc8 23. Qb3 Nd8 24. Rc1 Qf5 25. g4 Qf6 26. Rfd1 Bd6 27. Bg2 Qe5 28. Rd5 Qh2+ 29. Kf1 Be7 30. Qa4 Ne6 31. Rd7 Bf6 32. Qb3 Qe5 33. Bd4 Qf4 34. Bxf6 Qxc1+ 35. Rd1 Qf4 36. Qf3 Rac8 37. Bc3 Qc4+ 38. Kg1 Nf4 39. Bf1 Ne2+ 40. Kh1 Qe4 41. Bxe2 Qxe2 42. Kg2 Qxf3+ 43. Kxf3 Rcd8 44. Rc1 Rd3+ 45. Kg2 f5 46. Bb4 Rd7 47. gxf5 gxf5 48. Kf3 Kf7 49. Rc5 Kg6 50. Rc2 Re4 51. Bd2 a6 52. Be3 Rf7 53. Rc1 Kf6 54. Rd1 Ke6 55. Rd8 Rd7 56. Re8+ Kd5 57. Rf8 Ke6 58. Re8+ Re7 59. Rd8 Re5 60. Bg5 Rf7 61. Re8+ Kd5 62. Rd8+ Kc4 63. Be3 Re4 64. Rd5 Kxd5 0-1

[Event "DSOL 2021"]
[Site "Germany"]
[Date "2021.03.17"]
[Round "6.3"]
[White "Diehl, Mirko"]
[Black "Fischer, Alexander"]
[Result "1-0"]
[WhiteElo "2019"]
[BlackElo "2043"]
[Annotator "TA"]
[PlyCount "63"]
[EventDate "2021.01.18"]
[EventType "team-tourn"]
[EventCountry "GER"]
[SourceTitle "playchess.com"]
[Source "ChessBase"]
[SourceQuality "1"]

1. d4 Nf6 2. Bf4 d5 3. e3 e6 4. Nd2 Bd6 5. Bg3 O-O 6. Bd3 c5 7. c3 Nc6 8. Ngf3 h6 9. Ne5 cxd4 10. exd4 Qc7 11. f4 a6 12. O-O b5 13. Bh4 Be7 14. Bxf6 Bxf6 15. Qh5 Bxe5 16. fxe5 Qe7 17. h4 Bd7 18. Rf3 Be8 19. Rg3 f5 20. Qxh6 Qf7 21. Qg5 Qe7 22. Qf4 Bh5 23. Rg5 Qf7 24. Nf1 Kh8 25. Ne3 Na5 26. Rf1 Kg8 27. Bxf5 g6 28. Rxh5 exf5 29. Rg5 Kh7 30. h5 Rg8 31. hxg6+ Rxg6 32. Rxg6 1-0

[Event "DSOL 2021"]
[Site "Germany"]
[Date "2021.03.18"]
[Round "6.3"]
[White "Kuepper, Martin"]
[Black "Degel, Steven"]
[Result "0-1"]
[WhiteElo "2013"]
[BlackElo "1853"]
[Annotator "TA"]
[PlyCount "52"]
[EventDate "2021.01.18"]
[EventType "team-tourn"]
[EventCountry "GER"]
[SourceTitle "playchess.com"]
[Source "ChessBase"]
[SourceQuality "1"]

1. Nf3 d5 2. e3 e6 3. c4 c5 4. b3 Nc6 5. cxd5 exd5 6. Bb5 Bd6 7. Bb2 Nf6 8. O-O O-O 9. d4 cxd4 10. Nxd4 Bd7 11. Nc3 Be5 12. Nf3 Bg4 13. Be2 Bxf3 14. Bxf3 Qa5 15. Rc1 Rad8 16. Na4 Bxb2 17. Nxb2 Qxa2 18. Na4 Qa3 19. Nc5 Qb4 20. Qc2 Ne5 21. Nd3 Nxf3+ 22. gxf3 Qh4 23. Qc7 d4 24. Nf4 d3 25. Rfd1 d2 26. Rc2 Ne4 0-1

[Event "DSOL 2021"]
[Site "Germany"]
[Date "2021.03.15"]
[Round "6.3"]
[White "Becker, Volker"]
[Black "Klein, Guenther"]
[Result "1/2-1/2"]
[WhiteElo "2010"]
[BlackElo "1752"]
[Annotator "TA"]
[PlyCount "49"]
[EventDate "2021.01.18"]
[EventType "team-tourn"]
[EventCountry "GER"]
[SourceTitle "playchess.com"]
[Source "ChessBase"]
[SourceQuality "1"]

1. e4 c5 2. Nf3 Nc6 3. d4 cxd4 4. Nxd4 e6 5. Nc3 Bb4 6. Be2 Nge7 7. O-O O-O 8. Be3 Bxc3 9. bxc3 d5 10. Bd3 Ng6 11. f4 f5 12. exf5 exf5 13. Qh5 Nxd4 14. Bxd4 Qd6 15. Qg5 Qd8 16. Qg3 Bd7 17. Rfe1 Qc7 18. Re7 Rf7 19. Rae1 Qxf4 20. Rxf7 Kxf7 21. Qxf4 Nxf4 22. Bxg7 Nxd3 23. cxd3 Re8 24. Rxe8 Kxe8 25. Kf2 1/2-1/2

[Event "DSOL 2021"]
[Site "Germany"]
[Date "2021.03.19"]
[Round "6.3"]
[White "Stangl, Anita"]
[Black "Rose, Torsten"]
[Result "1/2-1/2"]
[WhiteElo "2005"]
[BlackElo "1895"]
[Annotator "NA"]
[PlyCount "72"]
[EventDate "2021.01.18"]
[EventType "team-tourn"]
[EventCountry "GER"]
[SourceTitle "playchess.com"]
[Source "ChessBase"]
[SourceQuality "1"]
[WhiteTeam "Bayern München II Amazonen"]
[BlackTeam "SV Königsjäger SW I"]

1. e4 e6 2. Nf3 d5 3. Nc3 Nf6 4. e5 Nfd7 5. d4 a6 6. Be3 c5 7. dxc5 Bxc5 8. Bxc5 Nxc5 9. Qd4 Ncd7 10. Qg4 O-O 11. Bd3 f5 12. Qg3 Nc5 13. O-O-O Nc6 14. Qf4 Qc7 15. g4 Nxd3+ 16. Rxd3 fxg4 17. Qxg4 Nxe5 18. Nxe5 Qxe5 19. Rg1 Qf4+ 20. Qxf4 Rxf4 21. Rdg3 g6 22. R1g2 Bd7 23. Ne2 Rf6 24. f4 Bb5 25. Nd4 Bd7 26. Rf3 Raf8 27. Rgf2 h6 28. h4 Kg7 29. Kd2 b5 30. Ke3 Rc8 31. Rg2 Re8 32. Kd2 e5 33. fxe5 Rxe5 34. Rc3 Re4 35. Nf3 Rc6 36. Rd3 Bg4 1/2-1/2

[Event "DSOL 2021"]
[Site "Germany"]
[Date "2021.03.15"]
[Round "6.3"]
[White "Buchholz, Robert"]
[Black "Sidon, Mike"]
[Result "1/2-1/2"]
[WhiteElo "1988"]
[BlackElo "1998"]
[Annotator "TA"]
[PlyCount "87"]
[EventDate "2021.01.18"]
[EventType "team-tourn"]
[EventCountry "GER"]
[SourceTitle "playchess.com"]
[Source "ChessBase"]
[SourceQuality "1"]

1. d4 d5 2. c4 dxc4 3. Nf3 Nf6 4. Nc3 a6 5. a4 Nc6 6. e3 Bg4 7. Bxc4 e6 8. O-O Bd6 9. Be2 O-O 10. h3 Bh5 11. Nd2 Bg6 12. Bf3 Rb8 13. Nde4 Nxe4 14. Bxe4 Bxe4 15. Nxe4 Be7 16. Bd2 Qd5 17. Nc3 Qd7 18. Qe2 Rbd8 19. Rfd1 f5 20. Qc4 Na5 21. Qa2 Bb4 22. Ne2 Bxd2 23. Rxd2 Qd5 24. Qxd5 exd5 25. Rc2 Rd7 26. Nf4 Re8 27. Rac1 c6 28. Nd3 Nc4 29. b3 Nd6 30. Ne5 Rde7 31. b4 g6 32. h4 Kg7 33. g3 Kf6 34. Kg2 Kg7 35. Kf3 Kf6 36. Rh1 h6 37. Kg2 Kg7 38. f4 h5 39. Kf3 Kf6 40. Re1 Kg7 41. Rcc1 Kf6 42. Rc2 Kg7 43. Rcc1 Kf6 44. Rc2 1/2-1/2

[Event "DSOL 2021"]
[Site "Germany"]
[Date "2021.03.15"]
[Round "6.3"]
[White "Ottway, Christopher"]
[Black "Schmidt, Markus"]
[Result "1-0"]
[WhiteElo "1979"]
[BlackElo "2089"]
[Annotator "TA"]
[PlyCount "119"]
[EventDate "2021.01.18"]
[EventType "team-tourn"]
[EventCountry "GER"]
[SourceTitle "playchess.com"]
[Source "ChessBase"]
[SourceQuality "1"]

1. c4 c5 2. g3 g6 3. Bg2 Bg7 4. Nc3 Nf6 5. Nf3 O-O 6. O-O Nc6 7. a3 d5 8. cxd5 Nxd5 9. Nxd5 Qxd5 10. d3 Qd6 11. Rb1 Be6 12. Be3 Bd5 13. Qd2 Rac8 14. Bh6 Rfd8 15. Bxg7 Kxg7 16. Rfc1 b6 17. Qg5 h6 18. Qg4 Bxf3 19. Bxf3 Nd4 20. Qe4 Qf6 21. Bg2 Nb3 22. Rd1 a5 23. e3 Qe6 24. Qxe6 fxe6 25. Bb7 Rc7 26. Ba6 Kf6 27. a4 c4 28. Bxc4 Nd2 29. Rxd2 Rxc4 30. dxc4 Rxd2 31. b4 Ke5 32. bxa5 bxa5 33. Rb5+ Ke4 34. Kg2 Rc2 35. Rxa5 Rxc4 36. Ra7 Kf5 37. a5 g5 38. h3 h5 39. a6 g4 40. hxg4+ hxg4 41. Rxe7 Ra4 42. Ra7 Ra2 43. Ra8 Ke5 44. a7 Ke4 45. Rg8 Rxa7 46. Rxg4+ Kf5 47. Rf4+ Kg6 48. Kf3 Ra5 49. Rb4 Ra2 50. Rb6 Kf5 51. g4+ Kf6 52. Kg3 Ra3 53. Kf4 Ra4+ 54. e4 Ra2 55. f3 Ra5 56. g5+ Kf7 57. Rb7+ Kg6 58. Re7 Ra6 59. Kg4 Rb6 60. f4 1-0

[Event "DSOL 2021"]
[Site "Germany"]
[Date "2021.03.18"]
[Round "6.3"]
[White "Jurkatis, Hagen"]
[Black "Westerhaus, Jonas"]
[Result "1/2-1/2"]
[WhiteElo "1961"]
[BlackElo "1774"]
[Annotator "TA"]
[PlyCount "57"]
[EventDate "2021.01.18"]
[EventType "team-tourn"]
[EventCountry "GER"]
[SourceTitle "playchess.com"]
[Source "ChessBase"]
[SourceQuality "1"]

1. d4 Nf6 2. Nf3 d5 3. Bf4 e6 4. Nbd2 c5 5. e3 Nc6 6. c3 Bd6 7. Bg3 O-O 8. Ne5 cxd4 9. exd4 Ne4 10. Nxe4 dxe4 11. Bb5 Nxe5 12. dxe5 Bc5 13. Qe2 a6 14. Ba4 b5 15. Bc2 e3 16. fxe3 Qg5 17. Bf4 Qh4+ 18. g3 Qe7 19. Qh5 g6 20. Qh6 Re8 21. Be4 Bb7 22. Bg5 Qc7 23. Bf6 Bf8 24. Qh4 Qb6 25. Qf4 Bc5 26. Qh6 Bf8 27. Qf4 Bc5 28. Qh6 Bf8 29. Qf4 1/2-1/2

[Event "DSOL 2021"]
[Site "Germany"]
[Date "2021.03.19"]
[Round "6.3"]
[White "Schrepp, Florian"]
[Black "Blome, Johannes"]
[Result "1-0"]
[WhiteElo "1956"]
[BlackElo "1849"]
[Annotator "NA"]
[PlyCount "103"]
[EventDate "2021.01.18"]
[EventType "team-tourn"]
[EventCountry "GER"]
[SourceTitle "playchess.com"]
[Source "ChessBase"]
[SourceQuality "1"]
[WhiteTeam "SC Ketsch I"]
[BlackTeam "Hamburger SK III"]

1. e4 c5 2. Nc3 Nc6 3. g3 g6 4. Bg2 Bg7 5. d3 d6 6. f4 e6 7. Nf3 Nge7 8. O-O O-O 9. Be3 b6 10. Qd2 d5 11. exd5 exd5 12. Bf2 Bb7 13. d4 cxd4 14. Nxd4 Nxd4 15. Bxd4 Bxd4+ 16. Qxd4 Nf5 17. Qd2 Qd6 18. Rfe1 Rad8 19. Rad1 Qc5+ 20. Qf2 d4 21. Bxb7 Qc7 22. Nb5 Qxb7 23. Nxd4 Nxd4 24. Rxd4 Rxd4 25. Qxd4 Qc7 26. c3 Rd8 27. Qe3 Qc4 28. b3 Qa6 29. Re2 Qc8 30. c4 Qd7 31. Kg2 h5 32. Rf2 Re8 33. Qf3 Qd4 34. f5 Qe4 35. fxg6 fxg6 36. Qxe4 Rxe4 37. Kf3 Re7 38. Rd2 Kg7 39. b4 Kf6 40. h4 Re1 41. Rd6+ Kf5 42. c5 bxc5 43. bxc5 Rc1 44. Ra6 Rxc5 45. Rxa7 Rc3+ 46. Kg2 Rc2+ 47. Kh3 Ke4 48. a4 Ra2 49. a5 Ra1 50. a6 Kf3 51. Rf7+ Ke4 52. Rf6 1-0

[Event "DSOL 2021"]
[Site "Germany"]
[Date "2021.03.16"]
[Round "6.3"]
[White "Bleek, Marian"]
[Black "Spelleken, Hans-Gerd"]
[Result "1/2-1/2"]
[WhiteElo "1919"]
[BlackElo "1706"]
[Annotator "TA"]
[PlyCount "123"]
[EventDate "2021.01.18"]
[EventType "team-tourn"]
[EventCountry "GER"]
[SourceTitle "playchess.com"]
[Source "ChessBase"]
[SourceQuality "1"]

1. e4 c5 2. Nc3 Nc6 3. f4 g6 4. Nf3 Bg7 5. a3 d6 6. Bc4 Nf6 7. d3 O-O 8. O-O Bg4 9. Qe1 Bxf3 10. Rxf3 Nd4 11. Rf2 Ng4 12. Rd2 e6 13. Qg3 h5 14. Ba2 Bf6 15. Nd1 Bh4 16. Qh3 Kg7 17. c3 Nc6 18. Ne3 Nxe3 19. Qxe3 Rc8 20. g3 Bf6 21. Rf2 b6 22. f5 g5 23. fxe6 Ne5 24. Rf5 c4 25. dxc4 fxe6 26. Rf1 Nxc4 27. Bxc4 Rxc4 28. Qe2 d5 29. e5 Be7 30. Be3 Rh8 31. Bd4 h4 32. Rf3 Qe8 33. Raf1 hxg3 34. Rxg3 Qg6 35. Rgf3 Qh5 36. Qf2 Qg4+ 37. Rg3 Qh5 38. h4 Rf8 39. Qxf8+ Bxf8 40. Rxg5+ Qxg5+ 41. hxg5 Be7 42. b3 Rc8 43. Be3 Rxc3 44. Kf2 Bxa3 45. Ke2 Rxb3 46. Rf6 Bc5 47. Bxc5 bxc5 48. Rxe6 a5 49. Ra6 Ra3 50. e6 d4 51. Ra7+ Kg6 52. Rc7 Re3+ 53. Kd2 Rxe6 54. Rxc5 Ra6 55. Kd3 a4 56. Kxd4 a3 57. Rc1 Kxg5 58. Ra1 Kf4 59. Kc3 Ke4 60. Kb3 Kd3 61. Rxa3 Rxa3+ 62. Kxa3 1/2-1/2